| 000 | 00770nam a2200253 a 4500 | ||
|---|---|---|---|
| 001 | 45251 | ||
| 003 | BD-RjUL | ||
| 005 | 20211209054003.0 | ||
| 008 | 160725s1983 bg l 000 0 eng | ||
| 020 | _cTk20.00 | ||
| 035 | _a(BD-RjUL)45369 | ||
| 040 |
_aDLC _cDLC _dDLC _dBD-RjUL _beng |
||
| 041 | _aeng | ||
| 082 | 0 | 0 |
_219 _a344.54920533 _bJAA 1983 |
| 100 | 1 |
_aJahangir, Md. _9138607 |
|
| 245 | 1 | 4 |
_aThe annotated Arms Act / _cMd. Jahangir. |
| 250 | _a1st ed. | ||
| 260 |
_aCoxʼs Bazar : _aDhaka : _bSalamatullah ; _bSellers, Book Syndicate, _c1983. |
||
| 300 |
_aii, ii, 60 p. ; _c23 cm. |
||
| 650 | 0 |
_aFirearms _xLaw and legislation _zBangladesh. _9138608 |
|
| 710 | 1 | 2 |
_aBangladesh. _tArms Act, 1878. _9138609 |
| 942 |
_2ddc _cBK |
||
| 999 |
_c45251 _d45251 |
||